Описание острова Санкт-Доминго (Запись № 9681827)

Подробности
000 -МАРКЕР
контрольное поле 03217nam0a22003611 4500
001 - ИДЕНТИФИКАТОР ЗАПИСИ
контрольное поле RU\NLR\A1\20308
005 - ИДЕНТИФИКАТОР ВЕРСИИ
контрольное поле 20260508135811.0
035 ## - ДРУГИЕ СИСТЕМНЫЕ НОМЕРА
Идентификатор записи (NLR Aleph) 009675767
100 ## - ДАННЫЕ ОБЩЕЙ ОБРАБОТКИ
Данные общей обработки 19980927d1793 m y0rusy50 ca
101 0# - ЯЗЫК РЕСУРСА
Язык текста, звукозаписи и т.д. русский
102 ## - СТРАНА ПУБЛИКАЦИИ ИЛИ ПРОИЗВОДСТВА
Страна публикации Российская Федерация
140 ## - ПОЛЕ КОДИРОВАННЫХ ДАННЫХ: СТАРОПЕЧАТНЫЕ ИЗДАНИЯ - ОБЩАЯ ИНФОРМАЦИЯ
Кодированные данные о старопечатном издании - Основные y y ga yaa0000
200 1# - ЗАГЛАВИЕ И СВЕДЕНИЯ ОБ ОТВЕТСТВЕННОСТИ
Основное заглавие Описание острова Санкт-Доминго
Сведения, относящиеся к заглавию с показанием преждебывших на оном коренных диких жителей, их нравов, обычаев и одежд, такожде поселившихся на сем острове европейцов; начатия сего селения и разных с оным приключившихся перемен; о состоянии сахарных и проч. тамошних заводов и торговли, о произрастениях, о покупке и содержании черных невольников, и всех прочих достопамятностях.
-- Собранное для лучшаго изъяснения не давно случившихся на оном острове произшествий.
210 ## - ПУБЛИКАЦИЯ, РАСПРОСТРАНЕНИЕ И ДР.
Место издания, распространения и т.д. В Москве
Имя издателя, распространителя и т. д. в вольной типографии при Театре, у Христофора Клаудия
Дата издания, распространения и т.д. 1793
215 ## - ФИЗИЧЕСКАЯ ХАРАКТЕРИСТИКА
Специфическое обозначение материала и объем [2], II, [2], 135, [1] с., [1] л. таб.
Размеры 16°
300 ## - ОБЩИЕ ПРИМЕЧАНИЯ
Текст примечания Описание острова Гаити.
316 ## - ПРИМЕЧАНИЯ ОБ ОСОБЕННОСТЯХ ЭКЗЕМПЛЯРА
Текст примечания Экз. РНБ (18.38.7.56) в сост. картон. пер., обтянутом зеленоватой бумагой, с ледериновыми коричневыми корешком и уголками. На нижней крышке пер. экслибрис рус. фонда ГПБ с шифром. Корешок гладкий. На тит. л. круглый штамп "Госуд. Публичн. библиотека Дублет". Тит. л. подклеен. На обороте тит. л. и с.33 круглый штамп ГПБ. На с.135 и [1] 3-го ряда техн. помета.
Организация и экземпляр, к которому относится поле NLR: 18.38.7.56
316 ## - ПРИМЕЧАНИЯ ОБ ОСОБЕННОСТЯХ ЭКЗЕМПЛЯРА
Текст примечания Экз. РНБ (137/938) в картон. пер., обтянутом мраморной бумагой. На нижней крышке пер. ярлык с шифром РНБ. Корешок гладкий. Бумаж. покрытие на корешке частично утрачено. На форзаце ярлык с шифром РНБ и ярлык со старым шифром.
Организация и экземпляр, к которому относится поле NLR: 137/938
321 1# - ПРИМЕЧАНИЯ ОБ ОТДЕЛЬНО ИЗДАННЫХ УКАЗАТЕЛЯХ / РЕФЕРАТАХ / ССЫЛКАХ, ОТРАЖАЮЩИХ КАТАЛОГИЗИРУЕМЫЙ ДОКУМЕНТ
Примечания об указателях, рефератах, ссылках СК XVIII 4966
327 0# - ПРИМЕЧАНИЯ О СОДЕРЖАНИИ
Текст примечания На вкладной табл. приводится "Обозрение произведений острова С.Доминго 1788 года"
620 ## - МЕСТО И ДАТА ПУБЛИКАЦИИ, ИСПОЛНЕНИЯ И Т. Д.
Город Москва
702 #1 - ИМЯ ЛИЦА - ВТОРИЧНАЯ ОТВЕТСТВЕННОСТЬ
Код отношения Печатник (типограф)
Графика поля Кириллица
Материалы, к которым относится поле rus
Начальный элемент ввода Клаудий
Часть имени, кроме начального элемента ввода Х.А.
Даты -1805
Расширение инициалов личного имени Христофор Александрович
Системный номер авторитетной/нормативной записи 232381
Идентификатор авторитетной/нормативной записи RU\NLR\AUTH\770232437
712 00 - НАИМЕНОВАНИЕ ОРГАНИЗАЦИИ - ВТОРИЧНАЯ ОТВЕТСТВЕННОСТЬ
Код отношения Печатник (типограф)
Начальный элемент ввода Клаудий,
Идентифицирующий признак Москва
Инверсированный элемент Х. А.,
Часть наименования, отличная от начального элемента ввода и от инверсированного элемента типография при Театре
Системный номер авторитетной/нормативной записи 515361
Идентификатор авторитетной/нормативной записи RU\NLR\AUTH\880425419
801 #0 - ИСТОЧНИК ЗАПИСИ
Страна Российская Федерация
Организация NLR
Дата составления 19980927
852 ## - МЕСТОНАХОЖДЕНИЕ И ШИФР ХРАНЕНИЯ
Идентификатор организации NLR
Шифр хранения (Call Number) 18.38.7.56
852 ## - МЕСТОНАХОЖДЕНИЕ И ШИФР ХРАНЕНИЯ
Идентификатор организации NLR
Шифр хранения (Call Number) 137/938
899 ## - ДАННЫЕ О МЕСТОНАХОЖДЕНИИ (устаревшее)
Местонахождение РГБ
899 ## - ДАННЫЕ О МЕСТОНАХОЖДЕНИИ (устаревшее)
Местонахождение БАН
942 ## - ДОПОЛНИТЕЛЬНЫЕ ЭЛЕМЕНТЫ ЗАПИСИ (АБИС)
Тип экземпляра АБИС Книга
980 ## - КОЛЛЕКЦИЯ
Название коллекции Национальная библиография
980 ## - КОЛЛЕКЦИЯ
Название коллекции Русская книга гражданской печати XVIII в. в библиотеках РФ
Экземпляры
Тип экземпляра Дата поступления Библиотека постоянного хранения Библиотека текущего хранения Место хранения Шифр хранения Штрих-код Статус экземпляра
Книга 13.05.2016 РНБ (Садовая) РНБ (Садовая) Русский книжный фонд -Главное здание, Ленинский читальный зал 18.38.7.56 9675767-10